Essentials of management /

Сохранить в:
Библиографические подробности
Главный автор: Massie, Joseph L.
Формат:
Опубликовано: Englewood Cliffs, N.J. : Prentice-Hall, c1987.
Редактирование:4th ed.
Серии:Prentice-Hall essentials of management series
Предметы:
Метки: Добавить метку
Нет меток, Требуется 1-ая метка записи!

MARC

LEADER 00000pam a2200000 a 4500
005 20250829093905.0
020 |a 0132863375  |c TZs.50000/- 
020 |a 9780132863377 
040 |a MUL  |b eng.  |e AACR2 
082 0 0 |a 658 MAS 
100 1 |a Massie, Joseph L. 
245 1 0 |a Essentials of management /  |c Joseph L. Massie. 
250 |a 4th ed. 
260 |a Englewood Cliffs, N.J. :  |b Prentice-Hall,  |c c1987. 
300 |a xvi, 301 p. :  |b ill. ;  |c 23 cm. 
440 0 |a Prentice-Hall essentials of management series 
504 |a Includes bibliographies and index. 
650 0 |a Industrial management. 
650 0 |a Management. 
942 |c BK 
999 |c 11095  |d 11095